The performing arts in medieval Islam : shadow play and popular poetry in Ibn Daniyal's Mamluk Cairo /
This is a study of the life and work of Ibn Dāniyāl (d. 1310), a Cairo-based eye doctor, poet, playwright, court jester, and arguably one of the most controversial cultural figures of his time. Drawing on medieval Arabic sources, many still in manuscript and some used for the first time, the author...
Main Author:
Other Authors:
Format: eBook
Language: English
Published:
Leiden ; Boston :
Brill.
c2012.
Series:
Islamic History and Civilization
93.
Middle East and Islamic Studies E-Books Online, Collection 2012, ISBN: 9789004223295.
Subjects:
Online Access: Login to view Source
Tags: Add Tag
Call Number: PJ7760.I185 Z86 2012
| LEADER | 03202nam a2200517 i 4500 | ||
|---|---|---|---|
| 001 | BRILL9789004218802 | ||
| 003 | nllekb | ||
| 005 | 20211118221453.0 | ||
| 006 | m d | ||
| 007 | cr un uuuua | ||
| 008 | 110930s2012 ne sb 001 0 eng d | ||
| 010 | |a 2011040696 | ||
| 020 | |a 9789004218802 |q (electronic book) | ||
| 020 | |z 9789004210455 |q (print) | ||
| 024 | 7 | |a 10.1163/9789004218802 |2 DOI | |
| 040 | |a NL-LeKB |c NL-LeKB |e rda | ||
| 043 | |a f-ua--- | ||
| 050 | 4 | |a PJ7760.I185 |b Z86 2012 | |
| 072 | 7 | |a HBJF1 |2 bicssc | |
| 072 | 7 | |a HIS |x 003000 |2 bisacsh | |
| 082 | 0 | 4 | |a 791.5/309621609022 |2 23 |
| 100 | 1 | |a Guo, Li, |d 1956- | |
| 245 | 1 | 4 | |a The performing arts in medieval Islam : |b shadow play and popular poetry in Ibn Daniyal's Mamluk Cairo / |c Li Guo. |
| 264 | 1 | |a Leiden ; |a Boston : |b Brill. | |
| 264 | 4 | |c c2012. | |
| 300 | |a 1 online resource (xiii, 240 pages) | ||
| 336 | |a text |b txt |2 rdacontent | ||
| 337 | |a computer |b c |2 rdamedia | ||
| 338 | |a online resource |2 rdacarrier | ||
| 490 | 1 | |a Islamic history and civilization studies and texts, |x 0929-2403 ; |v v. 93 | |
| 504 | |a Includes bibliographical references (p. [229]-233) and index. | ||
| 505 | 0 | 0 | |a Preliminary Material -- Act 1: Eye Doctor and Street Buffoon -- Act 2: Court Panegyrist and Jester -- Act 3: Satirist and Shadow Playwright -- The Making of the Arabic Shadow Play -- The Ornament of the Poetry -- The Many Faces of a Performer -- The Phantom: A Shadow Play -- Appendix 1: Manuscripts -- Appendix 2: Sources -- Bibliography -- Index. |
| 506 | |a Available to subscribing member institutions only. | ||
| 520 | |a This is a study of the life and work of Ibn Dāniyāl (d. 1310), a Cairo-based eye doctor, poet, playwright, court jester, and arguably one of the most controversial cultural figures of his time. Drawing on medieval Arabic sources, many still in manuscript and some used for the first time, the author further contextualizes Ibn Dāniyāl's work with respect to poetry production and popular culture in the Islamic Near East in the post-Mongol period. The book also presents the first full English translation of "The Phantom," one of Ibn Dāniyāl's three shadow plays, the only surviving pre-Ottoman Arabic theatrical texts. | ||
| 600 | 1 | 0 | |a IIbn Dānīyāl, Muḥammad, |d 1249 or 50-1310 or 11 |x Criticism and interpretation. |
| 650 | 0 | |a Arabic poetry |y 1258-1800 |x History and criticism. | |
| 650 | 0 | |a Shadow shows |z Egypt |z Cairo |x History |y 13th century. | |
| 650 | 0 | |a Performing arts |z Islamic Empire |x History. | |
| 700 | 1 | 2 | |a Ibn Dānīyāl, Muḥammad, |d 1249 or 50-1310 or 11. |t Ṭayf al-khayāl fī maʻrifat khayāl al-ẓill. |l English. |
| 776 | 0 | 8 | |i Print version: |t The Performing Arts in Medieval Islam: Shadow Play and Popular Poetry in Ibn Daniyal's Mamluk Cairo |d Leiden, Boston : BRILL, 2012, |z 9789004210455 |
| 830 | 0 | |a Islamic History and Civilization |v 93. | |
| 830 | 0 | |a Middle East and Islamic Studies E-Books Online, Collection 2012, ISBN: 9789004223295. | |
| 856 | 4 | |z DOI: |u http://dx.doi.org/10.1163/9789004218802 | |
| 942 | |2 lcc |c EBOOK | ||
| 952 | |0 0 |1 0 |2 lcc |4 0 |7 1 |9 22346 |a BRILL |b BRILL |d 2021-11-18 |l 0 |r 2021-11-18 00:00:00 |w 2021-11-18 |y EBOOK | ||
| 999 | |c 39820 |d 39820 | ||
